1731 1007 1763 1456 1553 1331 1631 1763 1175 1632 1179 1484 1593 1867 1322 1380 1134 1491 1910 1926 1519 1283 1149 1638 1588 1808 1248 1325 1362 1930 1628 1737 1697 1661 1174 1069 1844 1842 1399 1318 1749 1753 1417 1838 1270 1463 1076 1662 1427 1379 1909 1294 1801 1747 1615 1186 1190 1359 1016 1386 1964 1185 1049 1814 1168 1078 1641 1831 1508 1642 1642 1486 1767 1439 1042 1069 1676 1046 1101 1202 1051 1348 1653 1134 1755 1283 1604 1228 1614 1153 1493 1662 1479 1894 1567 1851 1376 1311 1377 BCNSPRNW ULIB Ver.6.0+V

เปลี่ยนเป็นภาษาไทย

Change to English
 แสดงรายละเอียดบรรณานุกรม
  กลับหน้าหลัก

Brief Record : Get Marc (ISO 2709) : E-mail record : QR code < ปิดหน้าต่าง
LEADER : 00000nam 2200000uu 4500
001    13399127649
003     ULIB
008    210311s2562||||th 000 0 tha d
020 ^  ^a9786160035526
050 ^  ^aนว^bบ951ค
100 0  ^aใบสน.
245 1  ^aคีตาแสงจันทร์ /^cใบสน.
250 ^  ^aพิมพ์ครั้งที่ 1.
260 ^  ^aกรุงเทพฯ :^bพิมพ์คำ,^c2562.
300 ^  ^a404 หน้า ;^c21 ซม.
490 0  ^aจุมพิตรัตติกาล
945    ^p280^l0^i007998
999    ^aประนอม เกษจรัล
รายการนี้ยังไม่มีแท็ก
คุณยังไม่ได้ล็อกอิน คุณสามารถมีกิจกรรมร่วมกับเว็บไซต์ได้ แต่ต้องล็อกอินก่อน ::
  ล็อกอิน

รายการสื่อสารสนเทศ

ลำดับที่ ประเภท เลขเรียก/บาร์โค้ด สถานที่ สถานะ
1. นวนิยาย
นวนิยาย
นว บ951ค ฉ.1 
  Barcode: 007998
ห้องสมุดวิทยาเขตสวรรค์ประชารักษ์
►หนังสือทั่วไป
บนชั้น

รายการใกล้เคียง
    ผู้แต่ง [ใบสน.]

BibComment


ยังไม่เคยถูกคอมเมนท์

คอมเมนท์ทรัพยากรรายการนี้
  คอมเมนท์: คีตาแสงจันทร์ ใ..


 Copyright 2026. Bcnsprnw @Library